El destino de los resultados acumulados de las sociedades anónimas (Registro nro. 9001)
[ vista simple ]
| 000 -LEADER | |
|---|---|
| fixed length control field | 00356 a2200109 4500 |
| 001 - CONTROL NUMBER | |
| control field | ART_6790 |
| 005 - DATE AND TIME OF LATEST TRANSACTION | |
| control field | 20260410161553.0 |
| 008 - FIXED-LENGTH DATA ELEMENTS--GENERAL INFORMATION | |
| fixed length control field | 260409a |
| 100 1# - MAIN ENTRY--PERSONAL NAME | |
| Personal name | García, Sergio O. |
| 245 10 - TITLE STATEMENT | |
| Title | El destino de los resultados acumulados de las sociedades anónimas |
| 773 0# - HOST ITEM ENTRY | |
| Title | Profesional & Empresaria |
| Related parts | - Año VIII, Nº 85 (oct. 2006) |
| Record control number | REV70 |
No hay ítems disponibles.